• 首页
  • 本馆介绍
  • 公告通知
  • 最新文献
  • 馆藏检索
  • 电子资源
  • 读者导购
  • 参考咨询
  • 我的图书馆
  • 登录
  • 详细信息显示
  • 放入我的书架
  • 预约/预借图书
  • 作者相关作品
  • 分类相关作品
  • 丛书相关作品
  • 出版社相关作品

书目信息

  • 表格格式
  • 工作单格式
  • 卡片格式
题名:
塑料助剂品种及选用速查手册
    
 
作者: 汪菊英 , 齐贵亮 编著
分册:  
出版信息: 北京   文化发展出版社  2017
页数: 186页
开本: 26cm
丛书名: 一看就懂实用塑料速查丛书
单 册:
中图分类: TQ320.4-62
科图分类:
主题词: 塑料助剂--su liao zhu ji--手册
电子资源:
ISBN: 978-7-5142-1558-8
000 01204nam 2200301 450
001 012001003440
005 20140130161656.0
010    @a978-7-5142-1558-8@dCNY48.00
099    @aCAL 012017035788
100    @a20170116d2017 em y0chiy50 ea
101 0  @achi
102    @aCN@b110000
105    @ak a 000yy
106    @ar
200 1  @a塑料助剂品种及选用速查手册@Asu liao zhu ji pin zhong ji xuan yong su cha shou ce@f汪菊英, 齐贵亮编著
210    @a北京@c文化发展出版社@d2017
215    @a186页@d26cm
225 2  @a一看就懂实用塑料速查丛书@Ayi kan jiu dong shi yong su liao su cha cong shu
320    @a有书目 (第186页)
330    @a本书共11章,重点介绍了增塑剂、阻燃剂、热稳定剂、光稳定剂、抗氧剂、着色剂、发泡剂、偶联剂、润滑剂、抗静电剂以及抗冲改性剂和加工改性剂,此外,还对各种助剂的选用原则进行了系统介绍。
333    @a本书适用于塑料材料研发、产品设计、生产加工、管理和销售人员及广大塑料行业从业人员
410  0 @12001 @a一看就懂实用塑料速查丛书
606 0  @a塑料助剂@Asu liao zhu ji@j手册
690    @aTQ320.4-62@v5
701  0 @a汪菊英@Awang ju ying@4编著
701  0 @a齐贵亮@Aqi gui liang@4编著
801  2 @aCN@b北京卓展@c20191020
905    @b1211648-9@dTQ320.4-62@e90@f2
    
    塑料助剂品种及选用速查手册/汪菊英, 齐贵亮编著.-北京:文化发展出版社,2017
    186页;26cm.-(一看就懂实用塑料速查丛书)
    使用对象:本书适用于塑料材料研发、产品设计、生产加工、管理和销售人员及广大塑料行业从业人员
    
    ISBN 978-7-5142-1558-8:CNY48.00
    本书共11章,重点介绍了增塑剂、阻燃剂、热稳定剂、光稳定剂、抗氧剂、着色剂、发泡剂、偶联剂、润滑剂、抗静电剂以及抗冲改性剂和加工改性剂,此外,还对各种助剂的选用原则进行了系统介绍。
●
相关链接 在E读中查询图书 在五车中查询图书 在当当中查询图书 在豆瓣中查询图书


正题名:塑料助剂品种及选用速查手册     索取号:TQ320.4-62/90         预约/预借

序号 登录号 条形码 馆藏地/架位号 状态 备注
1 1211648   212116486   第二样本阅览室/ [索取号:TQ320.4-62/90] 在馆    
2 1211649   212116495   第三借阅区/ [索取号:TQ320.4-62/90] 在馆    
唐山师范学院图书馆 欢迎您!
大连网信软件有限公司© 版权所有